LIBRARY & INFORMATION CENTRE, KCAET, TAVANUR

ONLINE PUBLIC ACCESS CATALOGUE (OPAC)

Nanartha nighandu / | നാനാര്‍ത്ഥ നിഘണ്ടു (Record no. 19505)

MARC details
000 -LEADER
fixed length control field 00459nam a22001577a 4500
003 - CONTROL NUMBER IDENTIFIER
control field OSt
008 - FIXED-LENGTH DATA ELEMENTS--GENERAL INFORMATION
fixed length control field 250902b |||||||| |||| 00| 0 eng d
041 ## - LANGUAGE CODE
Language code of text/sound track or separate title eng
082 ## - DEWEY DECIMAL CLASSIFICATION NUMBER
Classification number 494.81203
Item number EDA/NA
100 ## - MAIN ENTRY--AUTHOR NAME
Personal name Edavoor, Sandhya
245 ## - TITLE STATEMENT
Title Nanartha nighandu /
Remainder of title നാനാര്‍ത്ഥ നിഘണ്ടു
260 ## - PUBLICATION, DISTRIBUTION, ETC. (IMPRINT)
Place of publication Thiruvananthapuram :
Name of publisher Chintha Publishers,
Year of publication 2024.
300 ## - PHYSICAL DESCRIPTION
Number of Pages 295 p.
650 ## - SUBJECT ADDED ENTRY--TOPICAL TERM
Topical Term Dictionary - Malayalam
942 ## - ADDED ENTRY ELEMENTS (KOHA)
Koha item type Books
Holdings
Withdrawn status Lost status Damaged status Home library Current library Date acquired Source of acquisition Cost, normal purchase price Full call number Accession Number Koha item type
      KAUAET KAUAET 02/09/2025 Donated by KT Jaleel MLA 410.00 494.81203 EDA/NA 26295 Books
free website counter